Statystyki dla Podziały administracyjne losowych krajów

Kliknij tutaj aby rozwiązać quiz!

Ogólne statystyki

  • Ten quiz został rozwiązany 69 razy
  • Średni wynik to 5 z 10

Statystyki odpowiedzi

KrajNazwa podziału% Poprawnych
USAStany
100%
PolskaWojewództwa
100%
NiemcyLandy
69%
KanadaProwincje/Terytoria
56%
UkrainaObwody
50%
ChinyProwincje
44%
MeksykStany
40%
WłochyRegiony
31%
CzechyKraje
23%
JaponiaPrefektury
15%

Rozkład punktacji

Percentyl według liczby udzielonych odpowiedzi

Procent ludzi z każdym wynikiem

Twoja historia wyników

Nie rozwiązałeś tego quizu